[Event "FSGM May"]
[Site "Budapest HUN"]
[Date "2002.05.07"]
[Round "4"]
[White "Nyback,T"]
[Black "Lengyel,B"]
[Result "1-0"]
[WhiteElo "2420"]
[BlackElo "2354"]

1.c4 e5 2.g3 Nf6 3.Bg2 d5 4.cxd5 Nxd5 5.Nc3 Nb6 6.Nf3 Nc6 7.O-O Be7 8.d3 O-O
9.Bd2 Kh8 10.Qc2 Bg4 11.Rfe1 f5 12.Qc1 Qd7 13.Nd1 e4 14.dxe4 fxe4 15.Ng5 Nd4
16.Nc3 Bxg5 17.Bxg5 Rae8 18.Be3 c5 19.b3 Bf5 20.Rd1 Bh3 21.Bxd4 cxd4 22.Bxh3 Qf7
23.Rf1 dxc3 24.Qxc3 Qh5 25.Bg2 Qxe2 26.Rae1 Qg4 27.Qc2 e3 28.Rxe3 Rxe3 29.fxe3 Re8
30.Qf5 Qxf5 31.Rxf5 g6 32.Rf7 Rxe3 33.Rxb7 Rc3  1-0

[Event "Capablanca Mem Premier II"]
[Site "Havana CUB"]
[Date "2002.05.08"]
[Round "3"]
[White "Hauchard,A"]
[Black "Reinaldo Castineira,R"]
[Result "1/2-1/2"]
[WhiteElo "2518"]
[BlackElo "2404"]

1.c4 e5 2.g3 Nf6 3.Bg2 c6 4.Nf3 e4 5.Nd4 d5 6.cxd5 Qxd5 7.Nc2 Qh5 8.h3 Bd6
9.d3 Qg6 10.Nc3 exd3 11.Qxd3 Qxd3 12.exd3 Na6 13.Bg5 Be7 14.O-O-O h6 15.Be3 O-O
16.Rhe1 Re8 17.g4 Nc7 18.Bf4 Ne6 19.Bg3 h5 20.f3 Bd7 21.Ne4 Nd5 22.Nd6 h4
23.Bh2 Bxd6 24.Bxd6 Nef4 25.Bf1 Re6 26.Bc5 Rae8 27.Bf2 g5 28.Kd2 b6 29.Nd4 Rxe1
30.Rxe1 Rxe1 31.Bxe1 c5 32.Ne2 f6 33.Nxf4 Nxf4 34.d4 cxd4 35.Bf2 d3 36.Be3 Bc6
37.Bxf4 gxf4 38.Bg2 Kf7 39.Kxd3 Ke6 40.Kd4 Bb7 41.b4 Bc6 42.a3 Bb7 43.Bh1 f5
44.g5 Ba6 45.Bg2 Bb5 46.g6 Kf6 47.g7 Kxg7 48.Ke5 Kg6 49.Kxf4 Kf6 50.Ke3 Bc6
51.Kf4 Bb5 52.Ke3 Ke5 53.f4+ Kd6 54.Kd4 Ba6 55.Kc3 Bc8 56.Kd4 Be6 57.Bf1 Bd7  1/2-1/2

[Event "Capablanca Mem Premier I"]
[Site "Havana CUB"]
[Date "2002.05.09"]
[Round "4"]
[White "Franco Ocampos,Z"]
[Black "Alonso,Re"]
[Result "1-0"]
[WhiteElo "2510"]
[BlackElo "2398"]

1.c4 e5 2.g3 Nf6 3.Bg2 c6 4.d4 exd4 5.Qxd4 d5 6.Nf3 Be7 7.cxd5 cxd5 8.O-O Nc6
9.Qa4 O-O 10.Be3 Re8 11.Nc3 Bb4 12.Nd4 Bxc3 13.bxc3 Bd7 14.Rad1 Qc8 15.Rfe1 Ne4
16.Qb3 Ne5 17.Nf3 Nc4 18.Bf4 Qc5 19.Rd4 Nb6 20.Be3 Qc7 21.Rc1 Rac8 22.Bd2 Nc5
23.Qd1 Ba4 24.Qf1 Bb5 25.Be3 Bc4 26.Rd2 Ne4 27.Rdc2 Na4 28.Qd1 b5 29.Qd4 a5
30.Nd2 Nac5 31.Bh3 Ne6 32.Qb6 N4g5 33.Bf1 Ne4 34.Nxc4 bxc4 35.Rd1 Nf6 36.Bg2 Qe5
37.Qb5 Rb8 38.Qxa5 h5 39.Qa3 Ne4 40.Qa5 Red8 41.Qa3 h4 42.Qc1 Rb5 43.f3 Nf6
44.Bf2 Rdb8 45.Qe3 Qf5 46.Rcd2 hxg3 47.hxg3 Rb1 48.g4 Rxd1+ 49.Rxd1 Qc2 50.Rc1 Qxa2
51.g5 Nh5 52.g6 Nef4 53.gxf7+ Kxf7 54.Bf1 Ra8 55.Qd4 Ra6 56.Qe5 Rg6+ 57.Kh1 Qa8
58.Rb1 Re6 59.Qf5+ Kg8 60.e3 Rh6 61.Kg1 Rg6+ 62.Kh1 Qa2 63.Bh4 Qa7 64.Bxc4 dxc4
65.exf4 Ng3+ 66.Bxg3 Rxg3 67.Qd5+ Kh7 68.Qh5+ Kg8 69.Re1 g6 70.Re8+  1-0

[Event "TCh-NOR Finals"]
[Site "Oslo NOR"]
[Date "2002.05.10"]
[Round "3"]
[White "Hagesaether,P"]
[Black "Svedenborg,P"]
[Result "1-0"]
[WhiteElo "2254"]
[BlackElo "2228"]

1.c4 e5 2.g3 Nc6 3.Bg2 g6 4.Nc3 Bg7 5.Rb1 a5 6.a3 f5 7.d3 Nge7 8.e3 O-O 9.Nge2 g5
10.f4 gxf4 11.gxf4 Ng6 12.O-O d6 13.Nd5 Nce7 14.b4 axb4 15.axb4 c6 16.Nxe7+ Qxe7
17.b5 Bd7 18.bxc6 bxc6 19.Rb7 Rfb8 20.Bxc6 Rxb7 21.Bxb7 Ba4 22.Bd5+ Kh8 23.Qd2 Rb8
24.Kh1 Qh4 25.Ba3 exf4 26.Bxd6 Rb2 27.Qa5 Rxe2 28.Qa8+ Nf8 29.Bxf4 Re1 30.Kg2 Rxf1
31.Kxf1 Bc2 32.Ke2 Qg4+ 33.Bf3 Qg1 34.Kd2 Qf2+ 35.Be2 h5 36.Qa2 Ne6 37.Bg3 Qg1
38.Qxc2 Bh6 39.Qc3+ Kh7 40.Qe5 Ng7 41.Bf4 Bxf4 42.Qxf4 Qb1 43.Qe5 Qa2+ 44.Ke1 Kg6
45.d4  1-0

[Event "Croatian Cup"]
[Site "Pula CRO"]
[Date "2002.05.10"]
[Round "4"]
[White "Cvitan,O"]
[Black "Jovanovic,Zo2"]
[Result "1-0"]
[WhiteElo "2570"]
[BlackElo "2373"]

1.c4 e5 2.g3 Nc6 3.Bg2 f5 4.Nc3 Nf6 5.e3 g6 6.Nge2 Bg7 7.O-O O-O 8.d3 d6
9.b3 Be6 10.Rb1 a5 11.a3 Qd7 12.Bb2 Kh8 13.Qd2 Qf7 14.d4 Bc8 15.Nb5 e4 16.f3 exf3
17.Bxf3 a4 18.b4 Re8 19.Nec3 Bh6 20.Rbe1 Na7 21.d5 Nxb5 22.Nxb5 Bg7 23.Bd4 b6
24.e4 Ba6 25.exf5 gxf5 26.Re6 Bxb5 27.cxb5 Nd7 28.Be4 Bxd4+ 29.Qxd4+ Ne5
30.Rxf5 Qg7 31.Kg2 Rf8 32.Rh5 Ng6 33.Qxg7+ Kxg7 34.h4 Rae8 35.Rxh7+  1-0

[Event "Open"]
[Site "Pula CRO"]
[Date "2002.05.12"]
[Round "1"]
[White "Krkljes,S"]
[Black "Fercec,N"]
[Result "0-1"]
[WhiteElo "2100"]
[BlackElo "2466"]

1.c4 e5 2.g3 Nf6 3.Bg2 d5 4.cxd5 Nxd5 5.Nf3 Nc6 6.O-O Be7 7.d4 exd4 8.Nxd4 O-O
9.Nxc6 bxc6 10.Qa4 Bd7 11.Rd1 Qc8 12.Nc3 Rd8 13.Nxd5 cxd5 14.Qb3 c6 15.Bf4 a5
16.a3 a4 17.Qc2 Bf5 18.e4 Bg6 19.Rd4 Qa6 20.Qd1 Bxe4 21.Bxe4 dxe4 22.Bc7 Rxd4
23.Qxd4 Qe2 24.Be5 Rd8 25.Qxa4 Bc5 26.Rf1 e3 27.Bc3 Qf3  0-1

[Event "Open"]
[Site "Pula CRO"]
[Date "2002.05.12"]
[Round "1"]
[White "Cvitan,O"]
[Black "Luciani,V"]
[Result "1-0"]
[WhiteElo "2570"]
[BlackElo "2153"]

1.c4 e5 2.g3 Nc6 3.Bg2 Nf6 4.Nc3 Bc5 5.d3 O-O 6.Nf3 d6 7.O-O Be6 8.h3 h6
9.b3 Nh7 10.e3 Bb4 11.Bb2 Bxc3 12.Bxc3 Ng5 13.Nxg5 Qxg5 14.Kh2 Qd8 15.f4 f6
16.Qf3 Rb8 17.Rae1 Bf7 18.g4 Re8 19.g5 fxg5 20.fxg5 Bg6 21.gxh6 gxh6 22.Qd5+ Kg7
23.Be4 Ne7 24.Bxe5+ dxe5 25.Qxe5+ Kg8 26.Qe6+  1-0

[Event "Open"]
[Site "Pula CRO"]
[Date "2002.05.15"]
[Round "5"]
[White "Cvitan,O"]
[Black "Kosanski,S"]
[Result "1-0"]
[WhiteElo "2570"]
[BlackElo "2379"]

1.c4 e5 2.g3 Nf6 3.Bg2 d5 4.cxd5 Nxd5 5.Nf3 Nc6 6.O-O Nb6 7.Nc3 Be7 8.a3 O-O
9.b4 a6 10.d3 Bg4 11.Bb2 f5 12.Rc1 Bf6 13.Na4 Nxa4 14.Qxa4 Qe8 15.b5 axb5
16.Qxb5 Ra7 17.Rc5 Kh8 18.Rfc1 e4 19.dxe4 fxe4 20.Ng5 Ra5 21.Qxb7 Bxg5 22.Qxc7 Rf7
23.Qxc6 Qxc6 24.Rxc6 Bxc1 25.Bxc1 Re7 26.h3 Bd7 27.Rc7 Rd5 28.Be3 Re8 29.g4 Kg8  1-0

[Event "Open"]
[Site "Pula CRO"]
[Date "2002.05.15"]
[Round "5"]
[White "Fucak,E"]
[Black "Susak,Z"]
[Result "1/2-1/2"]
[WhiteElo "2314"]
[BlackElo "2182"]

1.c4 e5 2.g3 Nc6 3.Bg2 Bc5 4.Nc3 a6 5.a3 d6 6.e3 Nge7 7.Nge2 O-O 8.b4 Ba7
9.Bb2 Be6 10.Nd5 Qd7 11.O-O Bg4 12.Rc1 Nxd5 13.cxd5 Ne7 14.f4 f6 15.Qe1 Rac8
16.Qf2 Rfe8 17.Kh1 c6 18.dxc6 bxc6 19.Ng1 exf4 20.Qxf4 d5 21.Rfe1 Ng6 22.Qf1 Qb7
23.Nf3 a5 24.Bc3 axb4 25.axb4 Bb6 26.Ng1 Ne5 27.Nh3 Qd7 28.Nf4 Bf5 29.b5 Be4
30.bxc6 Rxc6 31.Qb5 Rd6 32.Qb3 Bxg2+ 33.Kxg2 Kh8 34.Bb4 Qb5 35.Rb1 Rd7 36.Bc3 Qxb3
37.Rxb3 Ba7 38.Bd4 Nc4 39.Rd3 Bb8 40.Rb1 Bxf4 41.gxf4 Kg8 42.Rb5 Kf7 43.Bc3 Red8
44.Rd4 f5 45.Rxc4 dxc4 46.Rxf5+ Kg8 47.Rc5 Rxd2+ 48.Bxd2 Rxd2+ 49.Kf3 Rxh2
50.Rxc4 h5 51.Kg3 Rh1 52.f5 Kf7 53.e4 Kf6 54.Rc6+ Kf7 55.Kf4 Rh4+ 56.Ke5 Rg4
57.Rc7+ Kg8 58.Kd5 h4 59.e5 h3 60.Rc8+ Kh7 61.Rc1 h2 62.Rh1 Rg2 63.Ke4 Re2+
64.Kf4  1/2-1/2

[Event "Open"]
[Site "Pula CRO"]
[Date "2002.05.16"]
[Round "6"]
[White "Sulava,N"]
[Black "Zaja,I"]
[Result "1-0"]
[WhiteElo "2548"]
[BlackElo "2459"]

1.c4 e5 2.g3 Nf6 3.Bg2 c6 4.d4 Bb4+ 5.Bd2 Bxd2+ 6.Qxd2 d6 7.Nc3 O-O 8.e3 Bf5
9.Nge2 Qe7 10.h3 Re8 11.g4 Bg6 12.Ng3 Na6 13.d5 Nb4 14.O-O cxd5 15.cxd5 Nd3
16.g5 Nd7 17.h4 h5 18.Kh2 N7c5 19.Nce4 a5 20.Nxc5 Nxc5 21.f4 Bd3 22.Rfe1 g6
23.Rac1 e4 24.Rc3 b5 25.Rec1 b4 26.Rxc5 dxc5 27.d6 Qd7 28.Rxc5 Ra6 29.Rd5 Qe6
30.Re5 Qd7 31.Rxe8+ Qxe8 32.d7 Qd8 33.Nxe4 Bxe4 34.Bxe4 Rb6 35.Bg2 Rb8 36.Qd6 Qf8
37.Qc7 Qd8 38.Qe5 Qb6 39.Qe8+ Kg7 40.Bd5 Qd6 41.Qxf7+ Kh8  1-0

[Event "Elekes Mem IM"]
[Site "Budapest HUN"]
[Date "2002.05.21"]
[Round "4"]
[White "Benda,H"]
[Black "Diermair,A"]
[Result "0-1"]
[WhiteElo "2303"]
[BlackElo "2196"]

1.c4 e5 2.g3 Nc6 3.Bg2 g6 4.b3 Bg7 5.Bb2 Nge7 6.Nc3 O-O 7.d3 f5 8.Rb1 d6
9.Nf3 h6 10.Nd5 Nxd5 11.cxd5 Ne7 12.Nd2 g5 13.Qc2 Bd7 14.Rc1 c6 15.Nc4 cxd5
16.Nxd6 Bc6 17.Qc5 Qd7 18.Ba3 b6 19.Qc2 Rf6 20.Qxc6 Nxc6 21.Bxd5+ Kh7 22.Bxc6 Qd8
23.Bxa8 Qxa8 24.O-O Qd8 25.Rc6 e4 26.Rfc1 exd3 27.exd3 Re6 28.Rc8 Qe7 29.R8c7 Qf6
30.Rf7 Qe5 31.Rcc7 Kg6 32.Rxg7+ Kh5 33.Nc4 Qe1+ 34.Kg2 Re2 35.g4+ Kh4  0-1

[Event "Guillermo Garcia ALFIL"]
[Site "Santa Clara CUB"]
[Date "2002.05.30"]
[Round "11"]
[White "Borges Mateos,J"]
[Black "Quezada,Y"]
[Result "1/2-1/2"]
[WhiteElo "2438"]
[BlackElo "2411"]

1.c4 e5 2.g3 Nc6 3.Bg2 g6 4.Nc3 Bg7 5.Rb1 a5 6.d3 d6 7.h4 h6 8.e4 Nge7 9.Be3 Be6
10.Qd2 Nd4 11.Nge2 c6 12.O-O Qd7 13.b4 axb4 14.Rxb4 Qc7 15.Qb2 Bc8 16.Nxd4 exd4
17.Ne2 c5 18.Rb3 Ra7 19.Bd2 Bd7 20.Rb1 Bc6 21.h5 g5 22.f4 Bf6 23.Bh3 Rg8  1/2-1/2

[Event "TCh-BIH"]
[Site "Neum BIH"]
[Date "2002.06.05"]
[Round "5"]
[White "Martinovic,S"]
[Black "Miljanic,B"]
[Result "1-0"]
[WhiteElo "2450"]
[BlackElo "2431"]

1.g3 e5 2.c4 g6 3.Bg2 Bg7 4.Nc3 Ne7 5.Nf3 Nbc6 6.d3 O-O 7.O-O d6 8.Rb1 a5
9.a3 Bg4 10.h3 Bd7 11.b4 axb4 12.axb4 Qc8 13.Kh2 h6 14.b5 Nd8 15.Bb2 f5 16.Qc2 g5
17.Ra1 Rxa1 18.Bxa1 Ne6 19.Bb2 h5 20.Nd5 Ng6 21.Nd2 g4 22.hxg4 hxg4 23.Qa4 Qd8
24.Qa7 Bc8 25.Rh1 Nh8 26.Ba3 b6 27.Bb4 Nf7 28.Qb8 Nfg5 29.Bc3 f4 30.Qxc8 Qxc8
31.Ne7+ Kf7 32.Nxc8 Rxc8 33.Ra1 Rh8+ 34.Kg1 Ke7 35.Ra7  1-0

[Event "6th Open"]
[Site "Voronezh RUS"]
[Date "2002.06.13"]
[Round "2"]
[White "Chuprov,D"]
[Black "Tjurin,A"]
[Result "1/2-1/2"]
[WhiteElo "2475"]
[BlackElo "2362"]

1.c4 e5 2.g3 Nf6 3.Bg2 d5 4.cxd5 Nxd5 5.Nc3 Nb6 6.Nf3 Nc6 7.O-O Be7 8.d3 O-O
9.a3 Re8 10.Bd2 Bf8 11.Rc1 Bg4 12.h3 Bh5 13.Ne4 Qd7 14.g4 Bg6 15.Nh4 Nd4
16.Ng3 c6 17.Bc3 Nd5 18.Nxg6 hxg6 19.e3 Nxc3 20.bxc3 Ne6 21.a4 Rad8 22.d4 Qe7
23.Qb3 exd4 24.cxd4 Rd7 25.Ne4 Qd8 26.f4 Qa5 27.f5 gxf5 28.Rxf5 Qb4 29.Qc2 Qa3
30.Rf3 Qe7 31.Rg3 Qh4 32.Qf2 Ng5 33.Nxg5 Qxg5 34.Qf5 Qxf5 35.gxf5 Be7 36.Rb1 Bh4
37.Rg4 Bd8 38.Kf2 Kf8 39.h4 Bf6 40.h5 Rc8 41.Rh1 c5 42.h6 gxh6 43.Rxh6 Bg7
44.Rh7 Bf6 45.Rh6  1/2-1/2

[Event "6th Open"]
[Site "Voronezh RUS"]
[Date "2002.06.14"]
[Round "3"]
[White "Chuprikov,D"]
[Black "Zakhartsov,V"]
[Result "1-0"]
[WhiteElo "2422"]
[BlackElo "2526"]

1.g3 e5 2.c4 Nf6 3.Bg2 c6 4.Nf3 e4 5.Nd4 d5 6.cxd5 Qxd5 7.e3 Qe5 8.f4 exf3
9.Nxf3 Qh5 10.O-O Be7 11.Nc3 O-O 12.d4 Bh3 13.e4 Nbd7 14.e5 Nd5 15.Nxd5 cxd5
16.Qb3 Nb6 17.a4 Rab8 18.a5 Nc4 19.Qb5 b6 20.Qxd5 Nxa5 21.Bxh3 Qxh3 22.Bg5 Rbd8
23.Qe4 Qd7 24.Rad1 f6 25.exf6 Bxf6 26.Bxf6 Rxf6 27.Ng5 Rg6 28.Rf5 Re8 29.Qf4 h6
30.Nf3 Rge6 31.Ne5 Qd6 32.Rf1 Nc6 33.Nc4 Qxd4+ 34.Qxd4 Nxd4 35.Rf7 R6e7 36.Rxe7 Rxe7
37.Rd1 Nc6 38.Kf2 Kf8 39.Rd6 Ne5 40.Rd8+ Kf7 41.Nd6+ Ke6 42.Nb5 Rd7 43.Re8+ Kf6
44.Ke2 Nc4 45.b3 Na5 46.Rf8+ Ke6 47.Rf3 a6 48.Na3 Nc6 49.Re3+ Kd6 50.Nc4+ Kc5
51.Rc3 Kb4 52.Nxb6 Kxc3 53.Nxd7 a5 54.Ke3 Kxb3 55.Ke4 Kb4 56.Nb6 Kb5 57.Nd5 Kc5
58.Nc3 Kc4 59.Na4 Nb4 60.g4 Nd3 61.Nb6+ Kb5 62.Nd5 Kc5 63.Nc3 Nb4 64.Nd1 a4
65.Ke3 a3 66.Nc3  1-0

[Event "TSGM June"]
[Site "Belgrade YUG"]
[Date "2002.06.22"]
[Round "8"]
[White "Tadic,B"]
[Black "Andonov,B"]
[Result "1-0"]
[WhiteElo "2442"]
[BlackElo "2364"]

1.c4 e5 2.g3 d5 3.cxd5 Qxd5 4.Nf3 Nc6 5.Nc3 Qd8 6.Bg2 g6 7.b4 a6 8.O-O Bg7
9.Rb1 Nge7 10.d3 h6 11.a3 O-O 12.Bb2 Be6 13.Nd2 Qd7 14.a4 Rab8 15.Ba3 Nd4
16.e3 Ndf5 17.Nde4 b6 18.b5 a5 19.Qd2 Rfd8 20.Rfd1 g5 21.Ne2 Ng6 22.N4c3 Nfe7
23.Qc2 Bh3 24.Bh1 Nf5 25.Ne4 Nfh4 26.gxh4 Qg4+ 27.N2g3 gxh4 28.f3 Qe6 29.Nh5 Bh8
30.Qc6 Qf5 31.Nhf6+ Kg7 32.Kf2 h5 33.Ke2 Rbc8 34.Rbc1 Rd4 35.exd4 Qf4 36.Nxh5+  1-0

[Event "Masters"]
[Site "Grenoble FRA"]
[Date "2002.06.23"]
[Round "2"]
[White "Foisor,C"]
[Black "Masserey,Y"]
[Result "1/2-1/2"]
[WhiteElo "2437"]
[BlackElo "2340"]

1.c4 e5 2.g3 Nf6 3.Bg2 d5 4.cxd5 Nxd5 5.Nf3 Nc6 6.O-O Be7 7.d4 exd4 8.Nxd4 Nxd4
9.Qxd4 Nf6 10.Qa4+ c6 11.Nc3 O-O 12.h3 Qb6 13.Qc2 Qa5 14.e4 Be6 15.Be3 Qh5
16.Qe2 Qxe2 17.Nxe2 Bc4 18.Rfe1 Bb4 19.Nc3 Rfe8 20.Rec1 Ba6 21.f3 Nd7 22.a3 Bc5
23.Nd1 Bb6 24.f4 Rad8 25.Rc3 Nf6 26.Bxb6 axb6 27.Nf2 Rd2 28.Rb3 Nd7 29.Rd1 Rxd1+
30.Nxd1 Bc4 31.Rc3 Be2 32.Nf2 f6 33.Rc2 Bb5 34.Rd2 Nc5 35.h4 Kf8 36.Kh2 Ke7
37.g4 Rd8 38.Rxd8 Kxd8 39.g5 Ke7 40.Kg3 Bc4 41.gxf6+ gxf6 42.Bh3 b5 43.Bf5 h6
44.e5 Na4 45.b4 Nc3 46.Kf3 b6 47.exf6+ Kxf6 48.Bc2 Bd5+ 49.Ke3 c5 50.Ng4+ Kg7
51.f5 cxb4 52.axb4 Na2 53.f6+ Kf7 54.h5 Nxb4 55.Bg6+ Ke6 56.f7 Ke7 57.Nxh6 Kf8
58.Kd4 Bc4 59.Ke5 Nc6+ 60.Kf6 Nd8 61.Ng4 Nxf7 62.h6 Nxh6 63.Nxh6 Ba2 64.Ng4 b4
65.Ne5 b5 66.Nc6 Kg8 67.Nxb4 Bc4 68.Nc6 Ba2 69.Ne5 Bc4 70.Be8 Kf8 71.Bc6 Kg8
72.Ng6 Kh7 73.Be4 Kg8 74.Bf5 Bb3 75.Ne7+ Kf8 76.Nc8 Kg8 77.Nd6 Bc4 78.Be4 Kf8
79.Bh7 Be2 80.Nf7 Bc4 81.Ne5 Ke8  1/2-1/2

[Event "TSGM June"]
[Site "Belgrade YUG"]
[Date "2002.06.24"]
[Round "10"]
[White "Ivanisevic,I"]
[Black "Simic,R"]
[Result "1/2-1/2"]
[WhiteElo "2547"]
[BlackElo "2406"]

1.c4 e5 2.g3 Nf6 3.Bg2 c6 4.d4 exd4 5.Qxd4 d5 6.Nf3 Be7 7.O-O O-O 8.cxd5 cxd5
9.Nc3 Nc6 10.Qa4 Qb6 11.Rd1 Rd8 12.e3 Bf5 13.Qb5 Qxb5 14.Nxb5 Bc2 15.Rd2 Be4
16.Nfd4 Bxg2 17.Kxg2 Ne4  1/2-1/2

[Event "ch-NOR"]
[Site "Roros NOR"]
[Date "2002.07.08"]
[Round "4"]
[White "Dannevig,O"]
[Black "Gausel,E"]
[Result "1/2-1/2"]
[WhiteElo "2316"]
[BlackElo "2504"]

1.c4 e5 2.g3 Nc6 3.Bg2 Nf6 4.Nc3 Bc5 5.a3 a5 6.e3 O-O 7.Nge2 Re8 8.O-O d6
9.d4 Bb6 10.h3 h5 11.Kh2 Bf5 12.d5 Nb8 13.e4 Bg6 14.Rb1 c6 15.b4 axb4 16.axb4 cxd5
17.cxd5 Nbd7 18.Qd3 Qe7 19.f3 h4 20.g4 Rec8 21.Bd2 Ra3 22.Ra1 Rca8 23.Rxa3 Rxa3
24.Qc2 Ra8 25.Rc1 Nh7 26.Nb5 Ndf6 27.Qb2 Ne8 28.Ra1 Rxa1 29.Qxa1 Qd8 30.Be1 Nf8
31.Qc1 Bh7 32.Bf1 g5 33.Bd2 f6 34.Nec3  1/2-1/2

[Event "FSIMB July"]
[Site "Budapest HUN"]
[Date "2002.07.09"]
[Round "4"]
[White "Metaxasz,V"]
[Black "Berczes,C"]
[Result "0-1"]
[WhiteElo "2181"]
[BlackElo "2316"]

1.c4 e5 2.g3 Nf6 3.Bg2 d5 4.cxd5 Nxd5 5.Nf3 Nc6 6.O-O Nb6 7.d3 Be7 8.a3 O-O
9.Nc3 Be6 10.Be3 f5 11.Na4 Nxa4 12.Qxa4 Bd5 13.Rac1 Rf7 14.Bc5 a6 15.Bxe7 Qxe7
16.e4 fxe4 17.dxe4 Be6 18.Rc3 Bg4 19.Qc4 Rf8 20.h3 Bxf3 21.Bxf3 Nd4 22.Bg4 Kh8
23.f4 Nb5 24.Rd3 Nd6 25.Qd5 exf4 26.e5 fxg3 27.Rfd1 Nf5 28.b4 g2 29.e6 Rf6
30.Qd7 Nh4 31.Bf3 Rxf3  0-1

[Event "Dutch Open"]
[Site "Dieren NED"]
[Date "2002.07.09"]
[Round "1"]
[White "Zult,D"]
[Black "Hartoch,R"]
[Result "0-1"]
[WhiteElo "2101"]
[BlackElo "2314"]

1.c4 e5 2.g3 g6 3.d4 exd4 4.Qxd4 Nf6 5.Bg5 Bg7 6.Qe3+ Qe7 7.Qxe7+ Kxe7 8.Nc3 c6
9.Rd1 Rd8 10.Bg2 d6 11.Nf3 Be6 12.b3 Nd7 13.O-O h6 14.Bc1 Nc5 15.Nd4 Bd7
16.Ba3 Ne8 17.e4 Ne6 18.Nde2 c5 19.f4 Bc6 20.Nd5+ Bxd5 21.cxd5 Nd4 22.Nxd4 Bxd4+
23.Kh1 a5 24.e5 b5 25.Rde1 Ra7 26.f5 g5 27.h4 dxe5 28.Rxe5+ Kf6 29.Re2 Nd6
30.Rc1 Rc8 31.Rec2 gxh4 32.gxh4 b4 33.Bb2 Bxb2 34.Rxb2 c4 35.bxc4 Rxc4 36.Rxc4 Nxc4
37.Rc2 Nd6 38.Rc6 Ke5 39.f6 a4 40.Rc2 b3 41.axb3 axb3 42.Rb2 Ra3  0-1

[Event "ch-SCO"]
[Site "Stirling SCO"]
[Date "2002.07.09"]
[Round "4"]
[White "Grant,A"]
[Black "Gourlay,I"]
[Result "1/2-1/2"]
[WhiteElo "2195"]
[BlackElo "2248"]

1.c4 e5 2.g3 d6 3.Bg2 g6 4.Nc3 Bg7 5.d3 f5 6.e4 Nf6 7.Nge2 O-O 8.O-O Nc6
9.f3 Be6 10.Nd5 Ne7 11.Bg5 c6 12.Nxe7+ Qxe7 13.Qd2 d5 14.cxd5 cxd5 15.exf5 Bxf5
16.d4 e4 17.Nc3 Qd7 18.Rad1 exf3 19.Bxf3 Ne4 20.Bxe4 dxe4 21.Bh6 Bxh6 22.Qxh6 Bg4
23.Rxf8+ Rxf8 24.Re1 Qxd4+ 25.Qe3 Qxe3+ 26.Rxe3 Bh3 27.Re1 e3 28.Nd1 Rd8
29.Nxe3 Rd2 30.Nd1 Rg2+ 31.Kh1 Rd2 32.a3 Bg4 33.Ne3 Bf3+ 34.Kg1 Rxb2 35.Rc1 Bc6
36.Rc3 Rb1+ 37.Kf2 Rb2+ 38.Kg1 h5 39.h4 Kg7 40.Nc4 Rb5 41.Nd6 Ra5 42.Nxb7 Bxb7
43.Rc7+ Kf6 44.Rxb7 Rxa3 45.Kf2 Kf5 46.Rb4 a5 47.Rc4 Ra2+ 48.Kf3 Ra3+ 49.Kf2 a4
50.Rb4 Ra2+ 51.Kf3 a3 52.Rb5+ Ke6 53.Rb6+ Kd5 54.Rxg6 Kc4 55.Ra6 Kb4 56.g4 hxg4+
57.Kxg4 Rh2  1/2-1/2

[Event "23rd Open"]
[Site "Bled SLO"]
[Date "2002.07.10"]
[Round "9"]
[White "Kurajica,B"]
[Black "Ulibin,M"]
[Result "1-0"]
[WhiteElo "2555"]
[BlackElo "2589"]

1.c4 e5 2.g3 Nc6 3.Bg2 g6 4.Nc3 Bg7 5.Rb1 a5 6.a3 f5 7.d3 Nf6 8.Nf3 O-O 9.O-O d6
10.b4 axb4 11.axb4 h6 12.b5 Ne7 13.c5 Be6 14.Bb2 b6 15.cxb6 cxb6 16.Ra1 Rxa1
17.Qxa1 Qb8 18.e4 Nd7 19.exf5 gxf5 20.Re1 f4 21.d4 Ng6 22.Nd2 Nf6 23.dxe5 dxe5
24.Nde4 Nxe4 25.Bxe4 Ne7 26.Na2 Nf5 27.Nb4 Nd4 28.Bxd4 exd4 29.Bd5 Bxd5 30.Nxd5 d3
31.Qd1 fxg3 32.hxg3 Qd6 33.Qxd3 Kh8 34.Qe4 Rd8 35.Nf4 Bd4 36.Kg2 Qf6 37.Qb7 Rg8
38.Re7 Qf5 39.Rf7 Qc2 40.Ne6 Be5 41.Nf4 Bd4 42.Qf3 Qb1 43.Qc6 Rxg3+ 44.Kxg3 Qb3+
45.f3 Qxf7 46.Qxh6+ Kg8 47.Qg5+ Qg7 48.Kg4 Qxg5+ 49.Kxg5 Kf7 50.Kf5 Bg1 51.Ng6 Bf2
52.f4 Bg1 53.Ne5+ Ke7 54.Nc4 Bf2 55.Ke5 Bg1 56.Nd2 Bh2 57.Ne4 Kd7 58.Nf6+ Kd8
59.Nd5 Bg1 60.Ke6 Bd4 61.f5 Ke8 62.f6 Kf8 63.Nf4 Bc5 64.Ng6+ Kg8 65.f7+  1-0

[Event "Dutch Open"]
[Site "Dieren NED"]
[Date "2002.07.11"]
[Round "3"]
[White "Janssen,G"]
[Black "Erwich,M"]
[Result "1/2-1/2"]
[WhiteElo "2167"]
[BlackElo "2376"]

1.c4 e5 2.g3 Nf6 3.Bg2 d5 4.cxd5 Nxd5 5.Nf3 Nc6 6.O-O Nb6 7.d3 Be7 8.Nbd2 O-O
9.a3 a5 10.b3 Be6 11.Bb2 f6 12.Qc2 Qd7 13.e3 Rac8 14.Rfd1 Rfd8 15.Nc4 Bf5
16.Ne1 Qe6 17.Rac1 Bg4 18.Rd2 Nd5 19.e4 Nb6 20.Ne3 Bh3 21.Nf3 Bxg2 22.Kxg2 Rd7
23.Nf5 Bf8 24.d4 exd4 25.N5xd4 Nxd4 26.Nxd4 Qf7 27.Nf3 Rxd2 28.Nxd2 c6 29.Nf3 a4
30.bxa4 Ra8 31.Bd4 Nxa4 32.Rb1 c5 33.Be3 c4 34.Nd2 c3 35.Nf3 Ra6 36.Rb3 b6
37.Nd4 Bc5 38.Rb1 Qc4 39.Nf5 Bxa3 40.Ra1 Bb2 41.Rd1 Ra8 42.Rd4 Qb5 43.Nd6 Qd7
44.Nf5 Qb5 45.Nd6 Qd7 46.Nf5  1/2-1/2

[Event "Jacques Lemans Open"]
[Site "St Veiter AUT"]
[Date "2002.07.11"]
[Round "6"]
[White "Hebesberger,T"]
[Black "Diermair,A"]
[Result "1-0"]
[WhiteElo "2288"]
[BlackElo "2247"]

1.c4 e5 2.g3 Nc6 3.Bg2 g6 4.Nc3 Bg7 5.e4 Nge7 6.Nge2 d6 7.d3 O-O 8.O-O Be6
9.Nd5 Qd7 10.Be3 Nd4 11.Nxe7+ Qxe7 12.Bxd4 exd4 13.b4 c6 14.Qd2 Qd7 15.a4 f5
16.exf5 Rxf5 17.Rae1 Re5 18.Nc1 Bf6 19.Nb3 Kg7 20.b5 Bf5 21.Re2 Rxe2 22.Qxe2 c5
23.Na5 Bg4 24.Bf3 Qc7 25.Nxb7 Bc8 26.Qe4 Bf5 27.Qc6 Qe7 28.Be4 Qf8 29.Nxd6 Bxe4
30.Nxe4 Qe7 31.Qxc5  1-0

[Event "Open"]
[Site "Oberwart AUT"]
[Date "2002.07.12"]
[Round "8"]
[White "Fucak,E"]
[Black "Gasiunas,N"]
[Result "1/2-1/2"]
[WhiteElo "2317"]
[BlackElo "2199"]

1.c4 e5 2.g3 d6 3.Bg2 g6 4.Nc3 Bg7 5.d3 Nc6 6.e4 Be6 7.Nge2 Qd7 8.Be3 h5
9.h3 Nh6 10.Qd2 Nd4 11.O-O-O c6 12.Kb1 O-O-O 13.f3  1/2-1/2

[Event "XX Open"]
[Site "Andorra la Vella AND"]
[Date "2002.07.13"]
[Round "8"]
[White "Gustafsson,J"]
[Black "Lopez Martinez,J"]
[Result "1-0"]
[WhiteElo "2542"]
[BlackElo "2452"]

1.c4 e5 2.g3 Nc6 3.Bg2 g6 4.Nc3 Bg7 5.d3 d6 6.e4 h5 7.h3 h4 8.g4 f5 9.gxf5 gxf5
10.exf5 Bxf5 11.Nge2 Qd7 12.Be3 Nge7 13.Qd2 O-O-O 14.O-O-O Nb4 15.Be4 d5
16.cxd5 Nexd5 17.Nxd5 Nxd5 18.Kb1 Bxe4 19.dxe4 Nxe3 20.Qxe3 Qa4 21.Nc3 Qa6
22.Qg5 Qh6 23.Qg4+ Kb8 24.Rhg1 Bf6 25.Qf5 Rxd1+ 26.Nxd1 Rf8 27.Ne3 a6 28.Rg6 Qh8
29.Ng4 Be7 30.Qe6 Bd6 31.Nh6 Ka7 32.Nf5 Rd8 33.Rh6 Qf8 34.Rh7 Bc5 35.Qxe5 Bb6
36.Qe7 Qxe7 37.Nxe7 Bxf2 38.Kc2 Bg3 39.Nf5 c6 40.Nxh4 Rg8 41.Nf5 Be5 42.Ne3 Rg3
43.Nc4 Rg2+ 44.Kd3 Bxb2 45.e5 Ba3 46.Nxa3 Rg3+ 47.Ke4 Rxa3 48.e6 Rxa2 49.e7 Re2+
50.Kf5 a5 51.Kf6 a4 52.Rh5 a3 53.Ra5+ Kb6 54.Rxa3  1-0

[Event "XX Open"]
[Site "Andorra la Vella AND"]
[Date "2002.07.13"]
[Round "8"]
[White "Delchev,A"]
[Black "Perez Candelario,M"]
[Result "1-0"]
[WhiteElo "2557"]
[BlackElo "2408"]

1.c4 e5 2.g3 d6 3.Bg2 g6 4.d4 exd4 5.Qxd4 Nf6 6.Qe3+ Be7 7.Nf3 Nc6 8.O-O O-O
9.Nc3 Re8 10.Qf4 Be6 11.Ng5 Bf8 12.Qh4 Bg7 13.Nxe6 fxe6 14.Bg5 Qe7 15.e4 Qf8
16.Bd2 Nd7 17.f4 Bf6 18.Qg4 Qg7 19.Rae1 Bd4+ 20.Kh1 a6 21.Nd1 Re7 22.b3 Rf8
23.Qh3 Nc5 24.Re2 a5 25.g4 g5 26.e5 gxf4 27.exd6 cxd6 28.Bxf4 Ne5 29.Rd2 Ng6
30.Bxd6 Rxf1+ 31.Bxf1 Rf7 32.Bg2 Nf4 33.Qh4 Bf6 34.Qg3 Nxg2 35.Bxc5 Nh4 36.Qb8+  1-0

[Event "FSIMC July"]
[Site "Budapest HUN"]
[Date "2002.07.13"]
[Round "8"]
[White "Egeli,P"]
[Black "Dobos,J"]
[Result "0-1"]
[WhiteElo "2312"]
[BlackElo "2311"]

1.c4 e5 2.g3 c6 3.Nf3 e4 4.Nd4 d5 5.cxd5 cxd5 6.d3 Nf6 7.Nc3 Bc5 8.Nb3 Bb4
9.Bg2 O-O 10.O-O Nc6 11.dxe4 Bxc3 12.exd5 Nxd5 13.bxc3 Nxc3 14.Qc2 Na4 15.Be3 Qf6
16.Rac1 Bf5 17.Qc4 Nb6 18.Qb5 Be6 19.Rfd1 h6 20.Nc5 Bxa2 21.Nxb7 Ne7 22.Bd4 Qg6
23.Bc5 Rae8 24.Qa5 Bb3 25.Rd6 Be6 26.Rdd1 Bb3 27.Rd3 Bc4 28.Rd2 Be6 29.Nd6 Rb8
30.Qxa7 Nd7 31.Be4 Qh5 32.Be3 Ng6 33.Bf3 Qh3 34.Bg2 Qh5 35.Qd4 Ne7 36.Bf3 Qa5
37.Qc3 Qxc3 38.Rxc3 Rb1+ 39.Kg2 Ne5 40.Be4 Ra1 41.h3 f5 42.Bd4 fxe4 43.Bxe5 Nd5
44.Rc7 Rxf2+ 45.Kxf2 e3+ 46.Kg2 exd2 47.Bxa1 d1=Q  0-1

[Event "Dutch Open"]
[Site "Dieren NED"]
[Date "2002.07.13"]
[Round "5"]
[White "Janssen,G"]
[Black "Ellenbroek,T"]
[Result "1-0"]
[WhiteElo "2167"]
[BlackElo "2062"]

1.c4 e5 2.g3 g6 3.Bg2 d6 4.Nc3 Bg7 5.e4 f5 6.d3 Nf6 7.Nge2 fxe4 8.dxe4 O-O
9.O-O Be6 10.b3 Qd7 11.Nd5 Na6 12.Nec3 Nxd5 13.cxd5 Bf7 14.Qe2 Nc5 15.Ba3 b6
16.Rac1 a5 17.Rc2 Rfb8 18.Qe3 Qg4 19.h3 Qh5 20.Bc1 b5 21.Kh2 g5 22.Qxg5 Qxg5
23.Bxg5 b4 24.Ne2 a4 25.Nc1 Bf8 26.Be3 Be8 27.Rd1 axb3 28.axb3 Ra1 29.Bxc5 dxc5
30.Bf1 Rba8 31.Bc4 Bd6 32.Rg1 R8a5 33.Nd3 Rxg1 34.Kxg1 Kg7 35.f4 exf4 36.gxf4 Be7
37.Rg2+ Kh6 38.Ne5 Ra1+ 39.Kh2 Re1 40.Re2 Rf1 41.Ng4+ Kg7 42.Rf2 Re1 43.Rg2 h5
44.Ne3+ Kh7 45.Re2 Rc1 46.e5 h4 47.Nf5 Bd8 48.e6 Bh5 49.e7 Bf3 50.Nxh4  1-0